Guide to matlab: for beginners and experienced users (Record no. 172073)

000 -LEADER
fixed length control field 00409nam a2200133Ia 4500
008 - FIXED-LENGTH DATA ELEMENTS--GENERAL INFORMATION
fixed length control field 220217s9999||||xx |||||||||||||| ||und||
020 ## - INTERNATIONAL STANDARD BOOK NUMBER
International Standard Book Number 0-521-00859-X
082 ## - DEWEY DECIMAL CLASSIFICATION NUMBER
Classification number 621.382 2 HUN
100 ## - MAIN ENTRY--PERSONAL NAME
Personal name Hunt, Brian, R Lipsman, Ronald, L
9 (RLIN) 3509
245 #0 - TITLE STATEMENT
Title Guide to matlab: for beginners and experienced users
260 ## - PUBLICATION, DISTRIBUTION, ETC.
Place of publication, distribution, etc. Cambridge
Name of publisher, distributor, etc. United Kingdom
Date of publication, distribution, etc. 2002
300 ## - PHYSICAL DESCRIPTION
Other physical details 295
650 ## - SUBJECT ADDED ENTRY--TOPICAL TERM
Topical term or geographic name entry element SIGNAL PROCESSING
9 (RLIN) 719
Holdings
Withdrawn status Lost status Damaged status Not for loan Collection code Home library Current library Date acquired Total Checkouts Full call number Barcode Date last seen Date last checked out Price effective from Koha item type
        Electronics and Communication Engineering Central Library Central Library 02/18/2022 1 621.382 2 HUN 7262 11/14/2022 11/12/2022 02/18/2022 Books

Powered by Koha